ბათუმის შოთა რუსთაველის სახელმწიფო უნივერსიტეტის ბიბლიოთეკა

საბაზრო ეკონომიკის შესავალი : (ბიბ.ჩანაწერი № 64168)

000 -ლიდერი
ფიქსირებული სიგრძის საკონტროლო ველი 01341nam a22002417a 4500
003 - საკონტროლო ნომრის იდენტიფიკატორი
საკონტროლო ველი Ge_BSU
005 - ბოლო ოპერაციის თარიღი და დრო
საკონტროლო ველი 20260424103629.0
008 - ფიქსირებული სიგრძის მონაცემთა ელემენტები - ზოგადი ინფორმაცია
ფიქსირებული სიგრძის საკონტროლო ველი 260424s1996 ge ||||| |||| 00| 0 geo d
020 ## - წიგნის საერთაშორისო სტანდარტული ნომერი
International Standard Book Number 5511006831
041 ## - ენის კოდი
Language code of text/sound track or separate title geo
080 ## - უნივერსალური ათობითი კლასიფიკაციის ინდექსი
Universal Decimal Classification number 339.13(042.4) ლ-59
100 ## - მთავარი ჩანაწერი - პიროვნების სახელი
Personal name ლივშიცი, ა.ი.
9 (RLIN) 27364
245 ## - ცნობა სათაურის შესახებ
Title საბაზრო ეკონომიკის შესავალი :
Remainder of title ლექციების კურსი /
Statement of responsibility, etc [მთარგმნ.: თენგიზ დემეტრაშვილი, გივი გოშაძე, პავლე ბერიძე; მთ. რედ.: როზეტა ასათიანი].
264 ## - წარმოების, გამოცემის, დისტრიბუციის და სხვა ცნობები
გამოცემის, წარმოების, დისტრიბუციის... ადგილი თბ. :
გამოცემის, წარმოების, დისტრიბუციის... სახელწოდება თბილ. უნ-ტის გამ-ბა,
გამოცემის, წარმოების, დისტრიბუციის... თარიღი 1996.
300 ## - ფიზიკური აღწერა
Extent 340 გვ. ;
Other physical details 20 სმ.
500 ## - ზოგადი შენიშვნა
General note პარალ. თავფ. რუს. ენ.
653 ## - INDEX TERM--UNCONTROLLED
Uncontrolled term საბაზრო ეკონომიკა
700 ## - ADDED ENTRY--PERSONAL NAME
Personal name დემეტრაშვილი, თენგიზ
Relator term მთარგმნელი
9 (RLIN) 899
700 ## - ADDED ENTRY--PERSONAL NAME
Personal name გოშაძე, გივი
Relator term მთარგმნელი
9 (RLIN) 864
700 ## - ADDED ENTRY--PERSONAL NAME
Personal name ბერიძე, პავლე
Relator term მთარგმნელი
9 (RLIN) 27365
700 ## - ADDED ENTRY--PERSONAL NAME
Personal name ასათიანი, როზეტა
Relator term რედაქტორი
9 (RLIN) 27366
942 ## - ADDED ENTRY ELEMENTS (KOHA)
Source of classification or shelving scheme
Koha item type წიგნი
ეგზემპლარები
ჩამოწერის სტატუსი დაკარგული ეგზემპლარის სტატუსი კლასიფიკაციის წყარო ან თაროზე გაწყობის სქემა დაზიანების სტატუსი არ გაიცემა მუდმივი მდებარეობა (დაცვის ადგილი) ამჟამინდელი ადგილსამყოფელი თაროზე განთავსების ადგილი შეძენის თარიღი ღირებულება, შესყიდვის ნორმალური ფასი სრული შენახვის შიფრი შტრიხკოდი ბოლო ოპერაციის თარიღი ეგზემპლარის მიმდევრობითი ნომერი (კეტერი?) ფასის ძალაში შესვლის თარიღი ეგზემპლარის სახეობა საჯარო შენიშვნა
          ბათუმის შოთა რუსთაველის სახელმწიფო უნივერსიტეტის მთავარი ბიბლიოთეკა ბათუმის შოთა რუსთაველის სახელმწიფო უნივერსიტეტის მთავარი ბიბლიოთეკა წიგნსაცავი 2026-04-24 10.00 339.13(042.4) ლ-59 74380 2026-04-24 74380 2026-04-24 წიგნი 10 ლ.
          ბათუმის შოთა რუსთაველის სახელმწიფო უნივერსიტეტის მთავარი ბიბლიოთეკა ბათუმის შოთა რუსთაველის სახელმწიფო უნივერსიტეტის მთავარი ბიბლიოთეკა წიგნსაცავი 2026-04-24 10.00 339.13(042.4) ლ-59 74379 2026-04-24 74379 2026-04-24 წიგნი 10 ლ.